00793nam a2200205 a 450000100100000000500170001000800410002702000180006804000250008610000460011124500380015726000360019530000280023150000450025950400300030470000260033495201050036095201050046599900170057000004543520201002052241.0150324s2011 dr a 000 0 spa d a9789945164367 aDO-SdBNPbspacBNPHU1 aCharles, Adamsq(C. G. A. Charles)97348910aLara. /cC. G. A., Lara Williams. aSanto Domingo :bBúho,c2011. a424 p. :bil. ;c23 cm. aIncluye datos biograficos de los autores aBibliografía p: 415-4211 aWilliams, Lara973490 0010718PDaPDbPDcCTd2015-03-24iLF1l0o p45435-10r2020-06-25w2020-06-25yLFPDZNo se presta 0010718PDaPDbPDcHDd2015-03-24iLF1l0o p45436-10r2020-06-25w2020-06-25yLFPDZNo se presta c44924d44924